[Event "The Third Jerusalem Open"]
[Site "SchemingMind.com"]
[Date "2009.02.25"]
[Round "-"]
[White "thefriediceman"]
[Black "GavinD."]
[Result "1-0"]
[WhiteCountry "USA"]
[BlackCountry "RSA"]
[WhiteElo "1874"]
[WhiteRD "67"]
[BlackElo "1663"]
[BlackRD "83"]
[GameID "193389"]

1. e4 d6 2. d4 Nf6 3. Bd3 e5 4. c3 Be7 5. Bg5 O-O 6. Nf3 Bg4 7. h3 Bxf3 8. Qxf3 exd4 9. cxd4 Nc6 10. Be3 Nb4
11. Qe2 Nxd3+ 12. Qxd3 c5 13. d5 a6 14. O-O b5 15. Nd2 Re8 16. Rfe1 Nd7 17. Nf3 Bf6 18. Rab1 c4 19. Qc2 Qc7 20. Bd4 Bxd4
21. Nxd4 Ne5 22. Re3 Rac8 23. Rc1 Qb6 24. Nf3 Nd3 25. Rxd3
1-0

[Event "The Third Jerusalem Open"]
[Site "SchemingMind.com"]
[Date "2009.02.21"]
[Round "-"]
[White "reptile"]
[Black "thefriediceman"]
[Result "0-1"]
[WhiteCountry "ISR"]
[BlackCountry "USA"]
[WhiteElo "1934"]
[WhiteRD "86"]
[BlackElo "1852"]
[BlackRD "68"]
[GameID "193390"]

1. d4 Nf6 2. c4 g6 3. Nc3 Bg7 4. e4 d6 5. f3 O-O 6. Be3 b6 7. Bd3 Bb7 8. Nge2 Nc6 9. O-O Nb4 10. Rc1 Nxd3
11. Qxd3 a5 12. a4 Ba6 13. Nb5 c6 14. Na3 d5 15. b3 dxe4 16. fxe4 Ng4 17. Bd2 Qd6 18. e5 Bxe5 19. Qh3 Bxd4+ 20. Nxd4 Qxd4+
21. Kh1 Nf2+ 22. Rxf2 Qxf2 23. Nb1 Rfd8 24. Bc3 Qc2 25. Rf1 Rd1 26. Qf3 Rxf1+ 27. Qxf1 Rd8 28. Bd2 Rxd2 29. Nxd2 Qxd2 30. h3 Qb4
31. Qf4 Qd6 32. Qe3 c5 33. Qe4 Qd8 34. Qc6 Qd1+ 35. Kh2 Qd6+ 36. Qxd6 exd6
0-1

[Event "The Third Jerusalem Open"]
[Site "SchemingMind.com"]
[Date "2009.02.21"]
[Round "-"]
[White "nikita68"]
[Black "thefriediceman"]
[Result "1-0"]
[WhiteCountry "RUS"]
[BlackCountry "USA"]
[WhiteElo "1993"]
[WhiteRD "83"]
[BlackElo "1895"]
[BlackRD "67"]
[GameID "193391"]

1. d4 Nf6 2. c4 g6 3. Nc3 Bg7 4. e4 d6 5. Nf3 O-O 6. Be2 e5 7. O-O Nc6 8. d5 Ne7 9. Bg5 a5 10. Qd2 Nd7
11. b3 Nc5 12. Be3 Bd7 13. Bxc5 dxc5 14. Rad1 Nc8 15. Qe3 b6 16. a4 Nd6 17. Rc1 Re8 18. Nb5 Nxb5 19. cxb5 f6 20. Bc4 Kf8
21. h3 Qe7 22. Rfd1 Rad8 23. Rc3 Bc8 24. Rdc1 Bb7 25. Qd2 c6 26. bxc6 Bxc6 27. Rd3 Rd6 28. dxc6 Red8 29. Bd5 Qc7 30. Rd1 Qe7
31. Qe3 Qc7 32. Nd2 Qe7 33. Nc4 Qc7 34. Nxd6 Rxd6 35. g4 Ke7 36. g5
1-0

[Event "The Third Jerusalem Open"]
[Site "SchemingMind.com"]
[Date "2009.02.21"]
[Round "-"]
[White "CenturyBugs"]
[Black "thefriediceman"]
[Result "1-0"]
[WhiteCountry "ENG"]
[BlackCountry "USA"]
[WhiteElo "1984"]
[WhiteRD "86"]
[BlackElo "1864"]
[BlackRD "70"]
[GameID "193392"]

1. e4 e5 2. Nf3 Nc6 3. Nc3 Nf6 4. d4 Bb4 5. d5 Bxc3+ 6. bxc3 Ne7 7. Bd3 d6 8. Bg5 Ng6 9. c4 h6 10. Be3 O-O
11. c5 Ne7 12. Rb1 c6 13. cxd6 Qxd6 14. c4 cxd5 15. cxd5 b6 16. O-O Bg4 17. Re1 Rac8 18. Bd2 Nd7 19. h3 Bh5 20. g4 Bg6
21. Qe2 Nc5 22. Bb4 Qf6 23. Bc3 Nxd3 24. Qxd3 Qd6 25. Bxe5 Qxd5 26. Qxd5 Nxd5 27. exd5 Bxb1 28. Rxb1 f6 29. Bg3 Rc2 30. a4 Rc4
31. a5 bxa5 32. Rb7 Rf7 33. Rb8+ Kh7 34. d6 Rc1+ 35. Kg2 a4 36. Rb4 a3 37. Ra4 Ra1 38. Nd4 Rd1 39. Nc6 Rd3 40. Ne7 Rf8
41. Rxa7 Rc3 42. Nf5 Rg8 43. Bh4 Rd3 44. Bxf6 Kg6 45. Bxg7 h5 46. Nh4+ Kg5 47. Ra5+ Kf4 48. Ra4+ Kg5 49. f4+ Kxh4 50. Bf6+ Rg5
51. Bxg5#
1-0

[Event "The Third Jerusalem Open"]
[Site "SchemingMind.com"]
[Date "2009.02.21"]
[Round "-"]
[White "Artur"]
[Black "thefriediceman"]
[Result "0-1"]
[WhiteCountry "POL"]
[BlackCountry "USA"]
[WhiteElo "1787"]
[WhiteRD "89"]
[BlackElo "1848"]
[BlackRD "67"]
[GameID "193393"]

1. e4 e5 2. Nf3 Nc6 3. Bc4 Bc5 4. O-O Nf6 5. Nc3 d6 6. d3 h6 7. Be3 Bxe3 8. fxe3 Na5 9. Bb3 Nxb3 10. axb3 Be6
11. d4 exd4 12. exd4 c6 13. d5 Bd7 14. Nd4 c5 15. Ndb5 Bxb5 16. Nxb5 a6 17. Na3 O-O 18. Qf3 b5 19. c4 b4 20. Nc2 Nd7
21. Ne3 Ne5 22. Qg3 g6 23. Nf5 Kh7 24. Nh4 Ra7 25. Nf3 Nxf3+ 26. Rxf3 a5 27. e5 dxe5 28. Qxe5 Re7 29. Qf6 Ra7 30. Qxd8 Rxd8
31. Rf6 Rc8 32. d6 Kg7 33. Raf1 Rd8 34. d7 Rdxd7 35. Rc6 Rdc7 36. Rxc7 Rxc7 37. Rd1 Ra7 38. Kf2 a4 39. Ra1 a3 40. bxa3 Rxa3
41. Rb1 f5 42. h4 Kf6 43. Ke3 Ke5 44. g3 g5 45. hxg5 hxg5 46. Kd3 f4 47. g4 Ra2 48. Re1+ Kf6 49. Re2 Rxe2 50. Kxe2 Ke5
51. Kd3 f3 52. Ke3 f2 53. Kxf2 Kd4 54. Kf3 Kc3 55. Ke4 Kxb3
0-1

[Event "The Third Jerusalem Open"]
[Site "SchemingMind.com"]
[Date "2009.02.21"]
[Round "-"]
[White "Phillip Beckett"]
[Black "thefriediceman"]
[Result "0-1"]
[WhiteCountry "ENG"]
[BlackCountry "USA"]
[WhiteElo "1608"]
[WhiteRD "59"]
[BlackElo "1839"]
[BlackRD "73"]
[GameID "193394"]

1. e4 e5 2. Nf3 Nc6 3. Bb5 a6 4. Ba4 Nf6 5. O-O b5 6. Bb3 Be7 7. Re1 d6 8. c3 O-O 9. h3 Na5 10. Bc2 c5
11. d3 Bb7 12. Nbd2 Qc7 13. a4 Nc6 14. axb5 axb5 15. Rxa8 Rxa8 16. Nf1 Ra1 17. Qe2 Qa5 18. Be3 Qa2 19. Rxa1 Qxa1 20. Bd1= b4
21. Qc2 Nd7 22. Qc1 Qa5 23. Ng3 g6 24. Bg5 Ba6 25. Bxe7 Nxe7 26. Be2 f6 27. d4 exd4 28. Bxa6 Qxa6 29. cxd4 Qd3 30. dxc5 dxc5
31. Ne1 Qb5 32. Qd2 Kg7 33. Nf3 Nc8 34. Kh2 Ncb6 35. Qd6 Nc4 36. Qe7+ Kh6 37. Nh4 Nce5 38. Nf3 Nxf3+ 39. gxf3 c4 40. f4 c3
41. f5 cxb2 42. fxg6 hxg6
0-1

[Event "The Third Jerusalem Open"]
[Site "SchemingMind.com"]
[Date "2009.02.25"]
[Round "-"]
[White "GavinD."]
[Black "thefriediceman"]
[Result "0-1"]
[WhiteCountry "RSA"]
[BlackCountry "USA"]
[WhiteElo "1663"]
[WhiteRD "83"]
[BlackElo "1874"]
[BlackRD "67"]
[GameID "193395"]

1. d4 Nf6 2. c4 g6 3. Nc3 Bg7 4. e4 d6 5. f3 O-O 6. Be3 e5 7. d5 c6 8. Qd2 cxd5 9. cxd5 a6 10. Bd3 Nh5
11. Nge2 f5 12. O-O f4 13. Bf2 Nd7 14. a4 Nc5 15. Bc2 g5 16. b4 Nd7 17. a5 Rf7 18. Na4 Nhf6 19. Nb6 Nxb6 20. Bxb6 Qe7
21. Rfc1 h5 22. Bd1 g4 23. Rc7 Qf8
0-1

[Event "The Third Jerusalem Open"]
[Site "SchemingMind.com"]
[Date "2009.02.22"]
[Round "-"]
[White "dfan"]
[Black "reptile"]
[Result "1-0"]
[WhiteCountry "USA"]
[BlackCountry "ISR"]
[WhiteElo "1998"]
[WhiteRD "104"]
[BlackElo "1890"]
[BlackRD "77"]
[GameID "193527"]

1. d4 Nf6 2. c4 g6 3. Nc3 Bg7 4. e4 d6 5. Nge2 O-O 6. Ng3 e5 7. d5 c6 8. Be2 cxd5 9. cxd5 Nbd7 10. h4 h5
11. Bg5 Qb6 12. Qd2 Re8 13. Rb1 Nc5 14. b4 Na6 15. Be3 Qd8 16. Bg5 Bd7 17. Nb5 Bxb5 18. Bxb5 Re7 19. Bxa6 bxa6 20. O-O Rc7
21. Rfc1 Rac8 22. Qd3 a5 23. b5 Rxc1+ 24. Rxc1 Rxc1+ 25. Bxc1 Ng4 26. Be3 Nxe3 27. Qxe3 Qc7 28. a4 Kh7 29. Ne2 Bh6 30. Qc3 Qd8
31. g3 Bf8 32. Nc1 Qb6 33. Nb3 f5 34. exf5 gxf5 35. Qc8 Bg7 36. Qxf5+ Kg8 37. Qxh5 e4 38. Qe8+ Kh7 39. Qxe4+ Kg8 40. Qe1 Qd8
41. Nxa5 Qf8 42. Nc6 Qf3 43. Ne7+ Kh7 44. Qb1+ Kh8 45. Qf5 Qd1+ 46. Kg2 Qe2 47. Qc8+ Kh7 48. Qg8+ Kh6 49. Nf5+
1-0

[Event "The Third Jerusalem Open"]
[Site "SchemingMind.com"]
[Date "2009.02.22"]
[Round "-"]
[White "dfan"]
[Black "nikita68"]
[Result "1-0"]
[WhiteCountry "USA"]
[BlackCountry "RUS"]
[WhiteElo "1996"]
[WhiteRD "108"]
[BlackElo "1930"]
[BlackRD "90"]
[GameID "193528"]

1. d4 Nf6 2. c4 e6 3. Nf3 d5 4. Bg5 Be7 5. Nc3 h6 6. Bh4 O-O 7. e3 b6 8. Rc1 Bb7 9. Bxf6 Bxf6 10. cxd5 exd5
11. Bd3 c5 12. O-O c4 13. Bb1 Re8 14. Re1 Nc6 15. e4 dxe4 16. Nxe4 Bxd4 17. Nxd4 Nxd4 18. Rxc4 Nc6 19. Qc2 Ne5 20. Rc7 Nd3
21. Rxb7
1-0

[Event "The Third Jerusalem Open"]
[Site "SchemingMind.com"]
[Date "2009.02.23"]
[Round "-"]
[White "dfan"]
[Black "CenturyBugs"]
[Result "0-1"]
[WhiteCountry "USA"]
[BlackCountry "ENG"]
[WhiteElo "1923"]
[WhiteRD "117"]
[BlackElo "1903"]
[BlackRD "74"]
[GameID "193529"]

1. d4 d5 2. c4 c6 3. Nf3 Nf6 4. e3 Bf5 5. cxd5 cxd5 6. Qb3 Qc8 7. Bd2 Nc6 8. Bb5 e6 9. O-O a6 10. Bxc6+ bxc6
11. Rc1 Bd6 12. Bb4 Rb8 13. a3 a5 14. Qa4 axb4 15. Rxc6 Qd7 16. axb4 O-O 17. b5 Bd3 18. Nc3 Bxb5 19. Rxd6 Bxa4 20. Rxd7 Bxd7
0-1

[Event "The Third Jerusalem Open"]
[Site "SchemingMind.com"]
[Date "2009.02.22"]
[Round "-"]
[White "dfan"]
[Black "thefriediceman"]
[Result "1/2-1/2"]
[WhiteCountry "USA"]
[BlackCountry "USA"]
[WhiteElo "1923"]
[WhiteRD "108"]
[BlackElo "1895"]
[BlackRD "67"]
[GameID "193530"]

1. d4 Nf6 2. c4 g6 3. Nc3 Bg7 4. e4 d6 5. Nge2 O-O 6. Ng3 c5 7. d5 e6 8. Be2 exd5 9. exd5 Re8 10. O-O Nbd7
11. Bf4 Ne5 12. Qd2 a6 13. h3 Bd7 14. Bh6 Bc8 15. Bxg7 Kxg7 16. f4 Ned7 17. f5 Ne5 18. Rf2 Bd7 19. Raf1 Rf8 20. Nce4 Nxe4
21. Nxe4 Bxf5 22. Rxf5 gxf5 23. Rxf5 h6 24. Qc3 f6 25. Qg3+ Kh7 26. Qh4 Kg7 27. Qg3+ Kh7=
1/2-1/2

[Event "The Third Jerusalem Open"]
[Site "SchemingMind.com"]
[Date "2009.02.23"]
[Round "-"]
[White "dfan"]
[Black "Artur"]
[Result "1-0"]
[WhiteCountry "USA"]
[BlackCountry "POL"]
[WhiteElo "1944"]
[WhiteRD "109"]
[BlackElo "1796"]
[BlackRD "97"]
[GameID "193531"]

1. d4 d5 2. c4 e6 3. Nf3 Nf6 4. Bg5 Nbd7 5. e3 c6 6. Nbd2 Bd6 7. Bd3 O-O 8. O-O e5 9. cxd5 cxd5 10. dxe5 Nxe5
11. Nxe5 Bxe5 12. Nf3 Bxb2 13. Bxh7+ Kh8 14. Rb1 Bc3 15. Qc2 Qa5 16. Bd3 Ne4 17. Rb5 Qc7 18. Bxe4 dxe4 19. Qxe4 a6 20. Bf4 f5
21. Qd3 Qf7 22. Rb3 Bf6 23. Rc1 Rd8 24. Qb1 b5 25. Nd4 Bxd4 26. Rc7 Qd5 27. Rd3 Qe4 28. exd4 Rxd4 29. Rh3+ Kg8 30. Qc1 Be6
31. Be3 Rc4 32. Rxc4 Bxc4 33. Qa1 Rd8 34. Rg3 Rd7 35. h3 Be2 36. Qc3 Kh7 37. Bc1 Qb1 38. a3 f4 39. Rg5 Kh6 40. h4 Bc4
41. Kh2 Qe4 42. Bb2 Qe7 43. Qf3 g6 44. Qxf4 Kh7 45. h5 Qd6 46. Be5
1-0

[Event "The Third Jerusalem Open"]
[Site "SchemingMind.com"]
[Date "2009.02.22"]
[Round "-"]
[White "dfan"]
[Black "Phillip Beckett"]
[Result "1-0"]
[WhiteCountry "USA"]
[BlackCountry "ENG"]
[WhiteElo "1914"]
[WhiteRD "126"]
[BlackElo "1646"]
[BlackRD "61"]
[GameID "193532"]

1. d4 d5 2. c4 e6 3. Nf3 Nf6 4. Bg5 Be7 5. Nc3 h6 6. Bh4 O-O 7. e3 Ne4 8. Bxe7 Qxe7 9. Rc1 Nxc3 10. Rxc3 c6
11. Bd3 dxc4 12. Bxc4 Nd7 13. O-O e5 14. Bb3 exd4 15. exd4 Nf6= 16. Re1 Qd6 17. Ne5 Nd5 18. Rg3 Be6 19. Qh5 Kh7 20. Bc2+ f5
21. Qg6+ Kh8 22. Qxg7#
1-0

[Event "The Third Jerusalem Open"]
[Site "SchemingMind.com"]
[Date "2009.02.25"]
[Round "-"]
[White "dfan"]
[Black "GavinD."]
[Result "1-0"]
[WhiteCountry "USA"]
[BlackCountry "RSA"]
[WhiteElo "1968"]
[WhiteRD "118"]
[BlackElo "1865"]
[BlackRD "101"]
[GameID "193533"]

1. d4 Nf6 2. c4 c5 3. d5 e6 4. Nc3 exd5 5. cxd5 d6 6. Nf3 g6 7. Bf4 a6 8. e4 Bg7 9. Qa4+ Bd7 10. Qb3 Qc7
11. e5 dxe5 12. Bxe5 Qc8 13. Ne4 Nh5 14. Nd6+
1-0

[Event "The Third Jerusalem Open"]
[Site "SchemingMind.com"]
[Date "2009.02.22"]
[Round "-"]
[White "reptile"]
[Black "dfan"]
[Result "0-1"]
[WhiteCountry "ISR"]
[BlackCountry "USA"]
[WhiteElo "1890"]
[WhiteRD "77"]
[BlackElo "1998"]
[BlackRD "104"]
[GameID "193534"]

1. d4 d5 2. c4 c6 3. Nc3 dxc4 4. e4 b5 5. a4 b4 6. Na2 Nf6 7. Nf3 Nxe4 8. Bxc4 e6 9. O-O Nd6 10. Bb3 a5
11. Be3 Ba6 12. Re1 Nc4 13. Rc1 Nxb2 14. Qc2 Nd3 15. Ne5 Nxe1 16. Rxe1 Bc8 17. Nc1 Be7 18. Ba2 O-O 19. Bb1 f5 20. Ncd3 Bf6
21. Rc1 Bxe5 22. dxe5 Qd5 23. Bc5 Re8 24. Rd1 Ba6 25. Bd6 Bxd3 26. Rxd3 Qe4 27. Qd1 Qg4 28. Qc1 Nd7 29. Ba2 Rac8 30. Bc4 Nb6
31. Ba6 Nxa4 32. Rg3 Qh4 33. Bxc8 Rxc8 34. f4 Nc3 35. Qf1 Qxf4 36. Qa6 Qc1+ 37. Kf2 Ne4+ 38. Kf3 Qd1+ 39. Ke3 Qd2+
0-1

[Event "The Third Jerusalem Open"]
[Site "SchemingMind.com"]
[Date "2009.02.22"]
[Round "-"]
[White "nikita68"]
[Black "dfan"]
[Result "1-0"]
[WhiteCountry "RUS"]
[BlackCountry "USA"]
[WhiteElo "1961"]
[WhiteRD "86"]
[BlackElo "1930"]
[BlackRD "108"]
[GameID "193535"]

1. d4 d5 2. c4 c6 3. Nc3 dxc4 4. e4 b5 5. a4 b4 6. Na2 Nf6 7. Bxc4 Nxe4 8. Nf3 e6 9. O-O Nd6 10. Bd3 a5
11. Ne5 Bb7 12. Bf4 Nd7 13. Qc2 Qb6 14. Nxd7 Kxd7 15. Nc1 Qxd4 16. Bg3 Ba6 17. Bxa6 Rxa6 18. Rd1 Qb6 19. Nb3 Ra8 20. Rxd6+ Bxd6
21. Rd1 Rhd8 22. Bxd6
1-0

[Event "The Third Jerusalem Open"]
[Site "SchemingMind.com"]
[Date "2009.02.23"]
[Round "-"]
[White "CenturyBugs"]
[Black "dfan"]
[Result "1-0"]
[WhiteCountry "ENG"]
[BlackCountry "USA"]
[WhiteElo "2008"]
[WhiteRD "81"]
[BlackElo "1930"]
[BlackRD "108"]
[GameID "193536"]

1. e4 e5 2. Nf3 Nc6 3. Bb5 Nf6 4. d4 exd4 5. O-O a6 6. Ba4 Be7 7. e5 Ne4 8. Nxd4 O-O 9. Re1 Nc5 10. Bxc6 dxc6
11. Nc3 f5 12. Rb1 Ne6 13. Nb3 b6 14. Qe2 Bb7 15. Qc4 Bc8 16. Qxc6 Bd7 17. Qb7 Qe8 18. Nd5 Bc5 19. Nxc5 bxc5 20. Nxc7 Nxc7
21. Qxc7 Rc8 22. Qd6 Rc6 23. Qd3 Be6 24. b3 Qe7 25. Ba3 Rd8 26. Qf3 Bd5 27. Qxf5 Rg6 28. g3 Rf8 29. Qd3 Be6 30. Rbd1 Kh8
31. Qxa6 Bh3 32. Qb5 Qa7 33. Qxc5
1-0

[Event "The Third Jerusalem Open"]
[Site "SchemingMind.com"]
[Date "2009.02.22"]
[Round "-"]
[White "thefriediceman"]
[Black "dfan"]
[Result "1/2-1/2"]
[WhiteCountry "USA"]
[BlackCountry "USA"]
[WhiteElo "1887"]
[WhiteRD "70"]
[BlackElo "1998"]
[BlackRD "104"]
[GameID "193537"]

1. e4 e5 2. Nf3 Nc6 3. Bc4 Nf6 4. d3 Be7 5. O-O O-O 6. c3 d5 7. exd5 Nxd5 8. h3 Bf5 9. Re1 Bf6 10. Bb5 Re8
11. d4 e4 12. Nfd2 e3 13. Nf3 exf2+ 14. Kxf2 Bh4+ 15. g3 Be7 16. Kg2 a6 17. Bd3 Qd7 18. Bxf5 Qxf5 19. Nbd2 Bd6 20. Nc4 Nf6
21. Nxd6 cxd6 22. Be3 d5 23. Nd2 b5 24. Rc1 Re7 25. Qf3 Qxf3+ 26. Kxf3 Ne4 27. Nxe4 Rxe4 28. Bf2 Rae8 29. Rxe4 Rxe4 30. Re1 Rxe1
31. Bxe1 f5 32. Kf4 g6 33. g4 fxg4 34. hxg4 Kg7 35. Bg3 h6 36. b3 Kf6 37. Bf2 g5+ 38. Kf3 Ne7 39. Bg3 Nc6 40. Bf2=
1/2-1/2

[Event "The Third Jerusalem Open"]
[Site "SchemingMind.com"]
[Date "2009.02.25"]
[Round "-"]
[White "Artur"]
[Black "dfan"]
[Result "0-1"]
[WhiteCountry "POL"]
[BlackCountry "USA"]
[WhiteElo "1814"]
[WhiteRD "88"]
[BlackElo "1996"]
[BlackRD "108"]
[GameID "193538"]

1. e4 e5 2. Nf3 Nc6 3. Bc4 Nf6 4. d4 exd4 5. e5 Ne4 6. O-O d5 7. exd6 Nxd6 8. Bd5 Nf5 9. Bxc6+ bxc6 10. Bf4 Bd6
11. Be5 Bxe5 12. Nxe5 Qd5 13. c4 Qxe5 14. Re1 Ne3 15. fxe3 dxe3 16. Nc3 O-O 17. Qf3 Qc5 18. b3 Re8 19. Rad1 e2+ 20. Qf2 Qxf2+
21. Kxf2 exd1=N+
0-1

[Event "The Third Jerusalem Open"]
[Site "SchemingMind.com"]
[Date "2009.02.22"]
[Round "-"]
[White "Phillip Beckett"]
[Black "dfan"]
[Result "0-1"]
[WhiteCountry "ENG"]
[BlackCountry "USA"]
[WhiteElo "1608"]
[WhiteRD "59"]
[BlackElo "1968"]
[BlackRD "118"]
[GameID "193539"]

1. e4 e5 2. Nf3 Nc6 3. Bb5 Nf6 4. d3 Bc5 5. O-O Nd4 6. Nxd4 Bxd4 7. c3 Bb6 8. h3 c6 9. Ba4 O-O 10. Nd2 d5
11. exd5 Qxd5 12. Nf3 Bf5 13. d4 exd4 14. cxd4 Rad8 15. Bb3 Qd6 16. Be3 Nd5 17. Ne5 Qf6 18. Bc2 Ne7 19. Bxf5 Nxf5 20. Qf3 Qe6
21. g4 Nxd4 22. Bxd4 Bxd4 23. Nd3 Qf6 24. Qxf6 Bxf6 25. Rad1 Rfe8 26. b3 Bd4 27. Rfe1 Rxe1+ 28. Rxe1 Bb6 29. Nf4 Kf8 30. Kg2 g5
31. Nh5 Rd2 32. Nf6 Rxf2+ 33. Kg3 Rxf6
0-1

[Event "The Third Jerusalem Open"]
[Site "SchemingMind.com"]
[Date "2009.02.25"]
[Round "-"]
[White "GavinD."]
[Black "dfan"]
[Result "0-1"]
[WhiteCountry "RSA"]
[BlackCountry "USA"]
[WhiteElo "1663"]
[WhiteRD "83"]
[BlackElo "1996"]
[BlackRD "108"]
[GameID "193540"]

1. d4 d5 2. c4 c6 3. Nf3 Nf6 4. Nc3 dxc4 5. a4 Bf5 6. Bg5 Ne4 7. Nxe4 Bxe4 8. e3 Bxf3 9. Qxf3 Qa5+ 10. Kd1 Qxg5
11. Bxc4 e6 12. Ke2 Be7 13. Rhc1 h5 14. Rc3 Qg4 15. e4 Nd7 16. Kf1 Qxf3 17. Rxf3 Nf6 18. e5 Nd5 19. Rb1 Rc8 20. Bxd5 cxd5
21. Rc3 Kd7 22. Ke2 Bb4 23. Rxc8 Rxc8 24. Kd3 Rc4 25. b3 Rc3+
0-1